| 000 | 00352nam a2200109Ia 4500 | ||
|---|---|---|---|
| 008 | 171211s9999 xx 000 0 und d | ||
| 245 | _aBuilding Maintenance Processes and Practices | ||
| 245 | _cAbdul Lateef Olanrewaju and Abdul-Rashid Abdul-Aziz | ||
| 260 | _c2014 | ||
| 650 | _xArchitecture | ||
| 856 | _uhttp://down.ebook777.com/064/9789812872623.pdf | ||
| 999 |
_c350013 _d350013 |
||